Southville International School and Colleges
Your cart is empty.
  • Cart
  • Lists
    Public lists Eva Luna New books Lux_list list_1
    Your lists Log in to create your own lists
  • Log in to your account
  • Your cookies
  • Search history
Southville International School and Colleges
  • Advanced search
  • Recent comments
  • Most popular
  • Libraries

Log in to your account

Log in with GOOGLE


If you do not have an external account, but do have a local account, you can still log in:

  1. Home
  2. MARC view: Dialogue gap :
Normal view MARC view ISBD view

Dialogue gap : (Record no. 25334)

[ view plain ]
MARC details
000 -LEADER
fixed length control field 00711nam a2200229 a 4500
005 - DATE AND TIME OF LATEST TRANSACTION
control field 20140310183617.0
008 - FIXED-LENGTH DATA ELEMENTS--GENERAL INFORMATION
fixed length control field 120904s19uu xx 00 eng d
020 ## - INTERNATIONAL STANDARD BOOK NUMBER
International Standard Book Number 9781118157831
050 ## - LIBRARY OF CONGRESS CALL NUMBER
Classification number HF 5718
Item number .N736 2012
100 ## - MAIN ENTRY--PERSONAL NAME
Personal name Nixon, Peter
245 ## - TITLE STATEMENT
Title Dialogue gap :
Remainder of title why communication isn't enough and what we can do about it, fast /
Statement of responsibility, etc Peter Nixon.
260 ## - PUBLICATION, DISTRIBUTION, ETC. (IMPRINT)
Place of publication, distribution, etc Singapore :
Name of publisher, distributor, etc John Wiley & Sons Singapore Pte. Ltd,
Date of publication, distribution, etc 2012.
300 ## - PHYSICAL DESCRIPTION
Extent 390 p. :
Other physical details ill. ;
Dimensions 30 cm.
500 ## - GENERAL NOTE
General note Includes index.
521 ## - TARGET AUDIENCE NOTE
Target audience note
650 ## - SUBJECT ADDED ENTRY--TOPICAL TERM
Topical term or geographic name as entry element Interpersonal communication
650 ## - SUBJECT ADDED ENTRY--TOPICAL TERM
Topical term or geographic name as entry element Oral communication
650 ## - SUBJECT ADDED ENTRY--TOPICAL TERM
Topical term or geographic name as entry element Business communication
650 ## - SUBJECT ADDED ENTRY--TOPICAL TERM
Topical term or geographic name as entry element Negotiation
942 ## - ADDED ENTRY ELEMENTS (KOHA)
Koha item type Books
Source of classification or shelving scheme Library of Congress Classification
Call number prefix Foreign
Holdings
Withdrawn status Lost status Source of classification or shelving scheme Damaged status Home library Current library Shelving location Date acquired Cost, normal purchase price Total Checkouts Full call number Barcode Date last seen Copy number Price effective from Koha item type
    Library of Congress Classification   College Library College Library Reserve Section 09/04/2012 1887.00   HF 5718 .N736 2012 C15366 05/15/2018 1 10/18/2013 Books

Dialogue gap :

APA

Nixon P., . (2012). Dialogue gap. Singapore: John Wiley & Sons Singapore Pte. Ltd.

Chicago

Nixon Peter, . 2012. Dialogue gap. Singapore: John Wiley & Sons Singapore Pte. Ltd.

Harvard

Nixon P., . (2012). Dialogue gap. Singapore: John Wiley & Sons Singapore Pte. Ltd.

MLA

Nixon Peter, . Dialogue gap. Singapore: John Wiley & Sons Singapore Pte. Ltd. 2012.

  • Place hold
  • Print
  • Cite
  • Add to your cart (remove)
  • Save record
    BIBTEX Dublin Core MARCXML MARC (non-Unicode/MARC-8) MARC (Unicode/UTF-8) MARC (Unicode/UTF-8, Standard) MODS (XML) RIS
  • More searches
    Search for this title in:
    Other Libraries (WorldCat) Other Databases (Google Scholar) Online Stores (Bookfinder.com) Open Library (openlibrary.org)

Exporting to Dublin Core...

SOUTHVILLE LIBRARY

Southville International School and Colleges Library

1281 Tropical Ave. Cor. Luxembourg St., BF Homes International, Las Pinas City

Tel. No. 8256374 / 252358 Loc. 117/146

Powered by Koha